Each State's First Surviving Sports Franchise - Statistics

General Stats
  • This quiz has been taken 31 times
  • The average score is 22 of 29
Answer Stats
State Years Team % Correct
Oklahoma 2008-Present Oklahoma City Thunder
96%
Georgia 1966-Present / 1966-Present Atlanta Braves / Atlanta Falcons
92%
Ohio 1890-Present Cincinnati Reds
92%
Texas 1960-Present / 1960-1996 / 1960-1962 Dallas Cowboys / Houston Oilers / Dallas Texans
92%
Florida 1966-Present Miami Dolphins
92%
Oregon 1970-Present Portland Trail Blazers
92%
Missouri 1892-Present St. Louis Cardinals (Browns)
92%
Tennessee 1997-Present Tennessee Titans (Oilers)
92%
Utah 1979-Present Utah Jazz
92%
North Carolina 1988-2002 & 2014-Present Charlotte Hornets
88%
Illinois 1876-Present Chicago Cubs (White Stockings)
88%
Colorado 1960-Present Denver Broncos
88%
California 1946-1994 & 2016-Present Los Angeles Rams
88%
Michigan 1901-Present Detroit Tigers
84%
Louisiana 1967-Present New Orleans Saints
84%
Pennsylvania 1883-Present Philadelphia Phillies (Quakers)
80%
Nevada 2017-Present Vegas Golden Knights
80%
Massachusetts 1876-1952 Boston Braves (Red Stockings or Red Caps)
76%
New Jersey 1977-2012 New Jersey Nets
76%
New York 1883-1957 New York Giants (Gothams)
76%
Arizona 1968-Present Phoenix Suns
76%
Connecticut 1979-1997 Hartford Whalers
68%
Washington D.C. 1901-1960 Washington Senators
68%
Wisconsin 1901* Milwaukee Brewers
64%
Minnesota 1948-1960 Minneapolis Lakers
56%
Washington 1967-2008 Seattle SuperSonics
56%
Maryland 1901-1902* Baltimore Orioles
48%
Nebraska 1972-1975 Kansas City-Omaha Kings
28%
Indiana 1948-1957 Fort Wayne Pistons
16%
No matching quizzes found
Score Distribution
Percent of People with Each Score
Percentile by Number Answered
Your Score History
You have not taken this quiz